Condiciones económicas y violencia política
Guardat en:
| Format: | Text |
|---|---|
| Matèries: | |
| Etiquetes: |
Afegir etiqueta
Sense etiquetes, Sigues el primer a etiquetar aquest registre!
|
MARC
| LEADER | 00000 a a2200000 04500 | ||
|---|---|---|---|
| 001 | 6767 | ||
| 003 | |||
| 040 | |||
| 245 | |a Condiciones económicas y violencia política | ||
| 650 | |a MOVIMIENTOS SOCIALES | ||
| 650 | |a VIOLENCIA | ||
| 650 | |a POLITICA ECONOMICA | ||
| 650 | |a EL SALVADOR | ||
| 773 | |g volumen 27, número 1202; páginas 8-9 | ||
| 999 | |c 29345 |d 29345 | ||
